000 00519nam a22001697a 4500
005 20251110193417.0
008 251110b |||||||| |||| 00| 0 eng d
020 _a9780826918048
050 _aTK146
_b.A3
100 _aMazur, Glen A.
245 _aElectrical Principles and Practices
_bWorkbook
_cGlen A. Mazur & Peter A. Zurlis
250 _a3rd ed.
260 _aHomewood, Illinois
_bAmerican Technical Publishers
_c2007
300 _a246p.
_bill.
_c27.5cm
700 _aZurlis, Peter A.
942 _2lcc
_cBK
_e3rd ed.
_n0
999 _c8201
_d8201